Представление документа в формате MARC21

Поле Инд. ПП Название Значение
Тип записи a
Библиографический уровень m
001 Контрольный номер 14680940-6db5-4846-906a-d39c37ffbca1
005 Дата корректировки 20140225153050.3
008 Кодируемые данные 000828 d
020 c Цена, тираж 200-00
080 a Индекс УДК 340.12
084 a Индекс другой классификации/Индекс ББК Х00в
090 a Полочн. индекс Х00в
x Авторский знак К36
c Каталожный индекс Х00в
100 1_ a Автор Керимов Джангир Аббасович
q Полное имя Керимов Д. А.
245 00 a Заглавие Основы философии права
260 0_ a Место издания Москва
b Издательство [Манускрипт]
c Дата издания 1992
300 a Объем 189, [2] с.
b Иллюстрации/ тип воспроизводства портр.
504 a Библиография Библиогр. в подстроч. примеч.
650 a Основная рубрика Право
x Основная подрубрика Теория
650 a Основная рубрика Философия права
653 a Ключевые слова Право
a Ключевые слова Философия права
852 p Инвентарный номер 642899, 642901, 642902, 64290
852 p Инвентарный номер 642900
954 a Дата поступления на обработку 08.02.94
a Дата поступления на обработку 08.02.94
999 a Подразделение 2 Фил1
a Подразделение 2 кх.